| 000 | 01106nam a2200241 a 4500 | ||
|---|---|---|---|
| 001 | 000047334 | ||
| 003 | DO-SdBNP | ||
| 005 | 20250925135321.0 | ||
| 007 | ta | ||
| 008 | 180503s2011 dr r 000 0 spa d | ||
| 040 |
_aDO-SdBNP _bspa _cBNPHU |
||
| 082 | 4 |
_bR426c _222 |
|
| 110 | 1 |
_aRepública Dominicana _bMinisterio de Administración Pública _965952 |
|
| 240 | _aLey 41-08 | ||
| 245 | 0 | 0 |
_aCompendio de normas sobre profesionalización de la función pública : _b(ley de función pública y sus reglamentos de aplicación). / _cPresentación, Ramón Ventura Camejo |
| 260 |
_aSanto Domingo : _bMAP, _c2011 |
||
| 300 |
_a209 p. ; _c22 cm. |
||
| 505 |
_aPresentación. _tLey No. 41-08 de Función Pública.-- _tReglamento de Relaciones Laborales en la Administración.-- _tReglamento de Reclutamiento y Selección de Personal en la Administración Pública No. 525-09.-- _tReglamento de Estructura Organizativa, Cargos y Política Salarial No. 527-09 |
||
| 590 | _aInventariado,2018,/DG | ||
| 700 | 2 |
_926937 _aVentura Camejo, Ramón _epresent. |
|
| 910 | _aInventariado, 2020 / DG | ||
| 942 |
_2ddc _cLBS1 |
||
| 999 |
_c46822 _d46822 |
||